| 000 | 00688nam a22002537a 4500 | ||
|---|---|---|---|
| 001 | BR2024004440 | ||
| 003 | BR-BrBNA | ||
| 005 | 20250107145222.0 | ||
| 008 | 250107b bl.||||| |||| 00| 0 por d | ||
| 040 |
_aBR-BrBNA _bpor |
||
| 041 | _apor | ||
| 072 | _aF02 | ||
| 090 |
_aF02 _bBR2024004440 |
||
| 100 | 0 |
_4aut. _aCaminhoá, J. |
|
| 245 | _aBotanica / | ||
| 260 |
_aRio de Janeiro, RJ (Brasil) : _bInstituto do Açúcar e do Álcool, _c1933. |
||
| 300 | _a2358 p. | ||
| 520 | _aestudos sobre órgãos da frutificação do fructo ou carpo em geral. | ||
| 650 | _aVegetação | ||
| 650 | _aFloresta | ||
| 650 | _aFloresta Nativa | ||
| 909 |
_a012025 _bMartins |
||
| 942 | _cBK | ||
| 999 |
_c329517 _d329517 |
||